Queen Charting Songs (Billboard Hot Rock) - Statistics

General Stats
  • This quiz has been taken 39 times
  • The average score is 12 of 21
Answer Stats
Album Weeks On Peak Artist(s) Song % Correct
A Night at the Opera 15 Weeks #2 Queen Bohemian Rhapsody
97%
Hot Space 17 Weeks #5 Queen & David Bowie Under Pressure
94%
News of the World 12 Weeks #11 Queen We are the Champions
91%
News of the World 15 Weeks #6 Queen We Will Rock You
91%
The Game 14 Weeks #4 Queen Another One Bites the Dust
78%
Jazz 12 Weeks #7 Queen Don't Stop Me Now
78%
A Day at the Races 13 Weeks #5 Queen Somebody to Love
75%
Sheer Heart Attack 11 Weeks #12 Queen Killer Queen
72%
The Works 11 Weeks #17 Queen Radio Ga Ga
72%
Jazz 11 Weeks #19 Queen Fat Bottomed Girls
66%
The Works 11 Weeks #16 Queen I Want to Break Free
66%
The Game 11 Weeks #18 Queen Crazy Little Thing Called Love
63%
Bohemian Rhapsody: The Original Soundtrack 9 Weeks #30 Queen Don't Stop Me Now (...Revisited)
56%
A Night at the Opera 1 Week #24 Queen You're My Best Friend
53%
Bohemian Rhapsody: The Original Soundtrack 14 Weeks #26 Queen We are the Champions (Live Aid)
50%
Bohemian Rhapsody: The Original Soundtrack 20 Weeks #23 Queen Radio Ga Ga (Live Aid)
44%
A Night at the Opera 5 Weeks #23 Queen Love of My Life
41%
Bohemian Rhapsody: The Original Soundtrack 17 Weeks #23 Queen Hammer to Fall (Live Aid)
25%
Non-Album Single 1 Week #46 Queen + Adam Lambert You are the Champions
13%
Bohemian Rhapsody: The Original Soundtrack 6 Weeks #35 Queen Ay-Oh (Live Aid)
9%
Queen Forever 1 Week #47 Queen Let Me In Your Heart Again (William Orbit Mix)
3%
No matching quizzes found
Score Distribution
Percent of People with Each Score
Percentile by Number Answered
Your Score History
You have not taken this quiz